000
00278nam a22001337a 4500
008
181015b xxu||||| |||| 00| 0 eng d
020
_a
0721676006
041
_a
eng
080
_a
616
100
_a
9
101
_a
PAT
245
_a
Basic Pathology
_c
Robbins
942
_2
udc
_c
BK
999
_c
49724
_d
49724